<?xml version="1.0" encoding="UTF-8"?>
<record
    xmlns:xsi="http://www.w3.org/2001/XMLSchema-instance"
    xsi:schemaLocation="http://www.loc.gov/MARC21/slim http://www.loc.gov/standards/marcxml/schema/MARC21slim.xsd"
    xmlns="http://www.loc.gov/MARC21/slim">

  <leader>01008nam a2200253Ia 4500</leader>
  <controlfield tag="003">IN-BaIIA</controlfield>
  <controlfield tag="008">211028s9999    xx            000 0 eng d</controlfield>
  <datafield tag="020" ind1=" " ind2=" ">
    <subfield code="a">1-58381-046-3</subfield>
  </datafield>
  <datafield tag="040" ind1=" " ind2=" ">
    <subfield code="c">IIA Library</subfield>
  </datafield>
  <datafield tag="080" ind1=" " ind2=" ">
    <subfield code="a">082.2:52</subfield>
    <subfield code="b">ASP-215</subfield>
  </datafield>
  <datafield tag="110" ind1=" " ind2=" ">
    <subfield code="a">Astronomical Society of the Pacific</subfield>
    <subfield code="9">1154</subfield>
  </datafield>
  <datafield tag="111" ind1=" " ind2=" ">
    <subfield code="a">Guillermo Haro Conference on Astrophysics</subfield>
    <subfield code="n">3rd</subfield>
    <subfield code="c">Puebla, Mexico</subfield>
    <subfield code="d">1999 Nov. 15-19</subfield>
    <subfield code="9">24761</subfield>
  </datafield>
  <datafield tag="245" ind1=" " ind2="0">
    <subfield code="a">Cosmic evolution and galaxy formation</subfield>
    <subfield code="b">structure, interactions and feedback, proceedings of the 3rd Guillermo Haro astrophysics conference held in Puebla, Mexico, November 15-19, 1999</subfield>
    <subfield code="c">edited  by  J. Franco... [et al.]</subfield>
  </datafield>
  <datafield tag="260" ind1=" " ind2=" ">
    <subfield code="a">California</subfield>
    <subfield code="b">Astronomical Society of the Pacific</subfield>
    <subfield code="c">2000</subfield>
  </datafield>
  <datafield tag="300" ind1=" " ind2=" ">
    <subfield code="a">xviii, 320p.</subfield>
  </datafield>
  <datafield tag="490" ind1=" " ind2=" ">
    <subfield code="a">ASP conference series; v. 215</subfield>
  </datafield>
  <datafield tag="650" ind1=" " ind2=" ">
    <subfield code="a">Galaxies</subfield>
    <subfield code="9">1286</subfield>
  </datafield>
  <datafield tag="650" ind1=" " ind2=" ">
    <subfield code="a">Quasars</subfield>
    <subfield code="9">1096</subfield>
  </datafield>
  <datafield tag="700" ind1=" " ind2=" ">
    <subfield code="a">Aretxaga, I., eds.</subfield>
    <subfield code="9">24762</subfield>
  </datafield>
  <datafield tag="700" ind1=" " ind2=" ">
    <subfield code="a">Franco, J., ed.</subfield>
    <subfield code="9">24763</subfield>
  </datafield>
  <datafield tag="700" ind1=" " ind2=" ">
    <subfield code="a">Lopez-Cruz, O., ed.</subfield>
    <subfield code="9">24764</subfield>
  </datafield>
  <datafield tag="700" ind1=" " ind2=" ">
    <subfield code="a">Terlevich, E., ed.</subfield>
    <subfield code="9">20772</subfield>
  </datafield>
  <datafield tag="942" ind1=" " ind2=" ">
    <subfield code="c">BK</subfield>
  </datafield>
  <datafield tag="999" ind1=" " ind2=" ">
    <subfield code="c">14085</subfield>
    <subfield code="d">14085</subfield>
  </datafield>
  <datafield tag="952" ind1=" " ind2=" ">
    <subfield code="0">0</subfield>
    <subfield code="1">0</subfield>
    <subfield code="4">0</subfield>
    <subfield code="7">0</subfield>
    <subfield code="a">BAN</subfield>
    <subfield code="b">BAN</subfield>
    <subfield code="c">GEN</subfield>
    <subfield code="d">2001-05-14</subfield>
    <subfield code="l">0</subfield>
    <subfield code="o">082.2:52/ ASP-215</subfield>
    <subfield code="p">15005</subfield>
    <subfield code="r">2021-11-05</subfield>
    <subfield code="w">2001-05-14</subfield>
    <subfield code="y">BK</subfield>
  </datafield>
</record>
